Operations management / (Record no. 406)

000 -LEADER
fixed length control field 00404 a2200145 4500
008 - FIXED-LENGTH DATA ELEMENTS--GENERAL INFORMATION
fixed length control field 221012b ||||| |||| 00| 0 eng d
020 ## - INTERNATIONAL STANDARD BOOK NUMBER
International Standard Book Number 9788120349780
082 00 - DEWEY DECIMAL CLASSIFICATION NUMBER
Classification number 658.5
Item number B5756
100 ## - MAIN ENTRY--PERSONAL NAME
Personal name Bhattacharya, Subimal
245 ## - TITLE STATEMENT
Title Operations management /
260 ## - PUBLICATION, DISTRIBUTION, ETC. (IMPRINT)
Place of publication, distribution, etc Delhi:
Name of publisher, distributor, etc Prentice Hall of India
Date of publication, distribution, etc 2014.
300 ## - PHYSICAL DESCRIPTION
Extent xix, 576 p.
650 #0 - SUBJECT ADDED ENTRY--TOPICAL TERM
Topical term or geographic name as entry element Business Management
942 ## - ADDED ENTRY ELEMENTS (KOHA)
Source of classification or shelving scheme
Item type Books
Holdings
Withdrawn status Lost status Source of classification or shelving scheme Damaged status Not for loan Permanent location Current location Date acquired Full call number Date last seen Koha item type Source of acquisition Cost, normal purchase price Barcode Cost, replacement price Total Checkouts Date last borrowed
          IMU Kolkata IMU Kolkata 2019-09-23 658.5 B5756 2019-09-23 Books            
          IMU Kolkata IMU Kolkata 2017-05-17 658.5 B5756 2019-10-14 Books Jyoti, the Book People 422.62 12633 575.00    
          IMU Kolkata IMU Kolkata 2017-05-17 658.5 B5756 2019-10-14 Books Jyoti, the Book People 422.62 12634 575.00    
          IMU Kolkata IMU Kolkata 2017-05-17 658.5 B5756 2019-10-14 Books Jyoti, the Book People 422.62 12635 575.00    
          IMU Kolkata IMU Kolkata 2017-04-26 658.5 B5756 2023-05-01 Books Jyoti, the Book People 422.62 12513 575.00 1 2023-04-13
          IMU Kolkata IMU Kolkata 2017-04-26 658.5 B5756 2025-12-02 Books Jyoti, the Book People 422.62 12514 575.00 1 2025-07-11
Designed and Maintained by IMU-KC Library, Kolkata Campus © Copyright All Rights Reserved

webs counters

Powered by Koha